[Event "Tomsk Izmailov Memorial op-D 12th"]
[Site "Tomsk"]
[Date "2008.07.12"]
[Round "9"]
[White "Gankin, Stanislav"]
[Black "Konev, Alexander"]
[Result "1-0"]
[WhiteElo "2269"]
[BlackElo "2059"]
[PlyCount "71"]
[EventDate "2008.07.04"]
[EventType "swiss"]
[EventRounds "9"]
[EventCountry "RUS"]
[SourceTitle "EXT 2022"]
[Source "ChessBase"]
[SourceDate "2021.10.06"]
[SourceVersion "1"]
[SourceVersionDate "2021.10.06"]
[SourceQuality "1"]

1. e4 g6 2. d4 d6 3. Nc3 Bg7 4. Be2 Nd7 5. Nf3 e6 6. Bg5 Ne7 7. Qd2 h6 8. Be3 b6 9. h4 Bb7 10. h5 g5 11. d5 a6 12. Nd4 exd5 13. exd5 Nf6 14. Bf3 Qd7 15. 0-0-0 g4 16. Be2 Nfxd5 17. Nxd5 Nxd5 18. Rh4 Nf6 19. f3 0-0-0 20. fxg4 Ne4 21. Qe1 Rde8 22. Nf5 Bf6 23. Rh1 Qe6 24. Kb1 Ng5 25. Qf1 b5 26. Bd3 Kb8 27. a4 bxa4 28. Bxa6 Qe4 29. Qb5 Qxg2 30. Qxa4 Re4 31. Bxb7 Kxb7 32. Nxd6+ cxd6 33. Qd7+ Ka6 34. Qa7+ Kb5 35. Qb6+ Ka4 36. b3+ 1-0

[Event "Tomsk Izmailov Memorial op-D 12th"]
[Site "Tomsk"]
[Date "2008.07.07"]
[Round "4"]
[White "Moskalenko, Viktor1111"]
[Black "Konev, Alexander"]
[Result "1-0"]
[WhiteElo "2569"]
[BlackElo "2059"]
[PlyCount "47"]
[EventDate "2008.07.04"]
[EventType "swiss"]
[EventRounds "9"]
[EventCountry "RUS"]
[SourceTitle "EXT 2022"]
[Source "ChessBase"]
[SourceDate "2021.10.06"]
[SourceVersion "1"]
[SourceVersionDate "2021.10.06"]
[SourceQuality "1"]

1. d4 Nf6 2. Nc3 d5 3. Bg5 Nbd7 4. f3 c6 5. Qd2 Qa5 6. e4 dxe4 7. fxe4 e5 8. Bxf6 Nxf6 9. dxe5 Ng4 10. h3 Nxe5 11. Nf3 Bb4 12. 0-0-0 0-0 13. Qd4 Nxf3 14. gxf3 Bxc3 15. bxc3 Be6 16. Bd3 Rfd8 17. Qb4 Qxa2 18. Rhg1 b6 19. Qe7 Rd7 20. Rxg7+ Kh8 21. Qf6 Qa3+ 22. Kd2 Qe7 23. Rg8+ Kxg8 24. Rg1+ 1-0

[Event "Izmailov Memorial op 12th"]
[Site "Tomsk"]
[Date "2008.07.03"]
[Round "9"]
[White "Konev, Alexander"]
[Black "Medvedev, Emelian"]
[Result "1/2-1/2"]
[WhiteElo "2059"]
[BlackElo "2008"]
[PlyCount "24"]
[EventDate "2008.06.25"]
[EventType "swiss"]
[EventRounds "9"]
[EventCountry "RUS"]
[SourceTitle "CBM 125 Extra"]
[Source "ChessBase"]
[SourceDate "2008.09.01"]
[SourceVersion "1"]
[SourceVersionDate "2008.09.01"]
[SourceQuality "1"]

1. d4 d5 2. c4 c6 3. e3 e6 4. Nf3 f5 5. g4 Nf6 6. gxf5 exf5 7. Bd3 Bd6 8. Nc3 Be6 9. Qe2 Nbd7 10. Ng5 Qe7 11. Nxe6 Qxe6 12. Bd2 0-0 1/2-1/2

[Event "Izmailov Memorial op 12th"]
[Site "Tomsk"]
[Date "2008.06.28"]
[Round "4"]
[White "Konev, Alexander"]
[Black "Shevtchenko, Olesya"]
[Result "1-0"]
[WhiteElo "2059"]
[BlackElo "2061"]
[PlyCount "67"]
[EventDate "2008.06.25"]
[EventType "swiss"]
[EventRounds "9"]
[EventCountry "RUS"]
[SourceTitle "CBM 125 Extra"]
[Source "ChessBase"]
[SourceDate "2008.09.01"]
[SourceVersion "1"]
[SourceVersionDate "2008.09.01"]
[SourceQuality "1"]

1. d4 Nf6 2. c4 e6 3. Nc3 Bb4 4. e3 c5 5. Bd3 Nc6 6. Nge2 cxd4 7. exd4 d5 8. 0-0 dxc4 9. Bxc4 Bxc3 10. bxc3 Nd5 11. Ba3 Qa5 12. Qb3 a6 13. Rac1 Qc7 14. Bd3 Na5 15. Qc2 Nc4 16. Bxc4 Qxc4 17. Ng3 f5 18. Rfe1 Kf7 19. Bd6 h5 20. Qd2 h4 21. Nf1 h3 22. Be5 hxg2 23. Ne3 Nxe3 24. Rxe3 Rh6 25. Rg3 Rg6 26. Rxg6 Kxg6 27. f3 Kf7 28. Qxg2 g6 29. Qg5 Qxa2 30. Qf6+ Ke8 31. Bd6 Kd7 32. Qe7+ Kc6 33. Qc7+ Kb5 34. Qc5+ 1-0

[Event "Izmailov Memorial op 12th"]
[Site "Tomsk"]
[Date "2008.06.27"]
[Round "3"]
[White "Lykov, Vasili"]
[Black "Konev, Alexander"]
[Result "1-0"]
[WhiteElo "2160"]
[BlackElo "2059"]
[PlyCount "90"]
[EventDate "2008.06.25"]
[EventType "swiss"]
[EventRounds "9"]
[EventCountry "RUS"]
[SourceTitle "CBM 125 Extra"]
[Source "ChessBase"]
[SourceDate "2008.09.01"]
[SourceVersion "1"]
[SourceVersionDate "2008.09.01"]
[SourceQuality "1"]

1. e4 e5 2. Nf3 Nc6 3. Bb5 Nf6 4. 0-0 Bc5 5. c3 0-0 6. d4 Bb6 7. Bg5 h6 8. Bh4 d6 9. Bxc6 bxc6 10. dxe5 dxe5 11. Qa4 Qd6 12. Rd1 Qe6 13. Nbd2 Nd7 14. Qc4 Qxc4 15. Nxc4 f6 16. a4 g5 17. a5 Bc5 18. Bg3 h5 19. h4 g4 20. Ne1 Re8 21. b4 Be7 22. f3 Nf8 23. Bf2 a6 24. Nd3 gxf3 25. gxf3 Be6 26. Ndb2 Rad8 27. Kf1 Rxd1+ 28. Rxd1 Rd8 29. Rxd8 Bxd8 30. Ne3 Ng6 31. Ke1 Nf4 32. Kd2 Be7 33. Nd3 Nxd3 34. Kxd3 Kf7 35. Nf5 Bf8 36. Be1 Bd7 37. Bf2 c5 38. Be1 cxb4 39. cxb4 Bb5+ 40. Kc3 Be2 41. Ng3 Bxf3 42. Bf2 c6 43. Be1 Bg4 44. Nf5 Ke6 45. Ne3 f5 1-0

[Event "Izmailov Memorial op 10th"]
[Site "Tomsk"]
[Date "2006.07.15"]
[Round "4"]
[White "Bragin, Aleksandr Borisovic"]
[Black "Konev, Alexander"]
[Result "1-0"]
[WhiteElo "2250"]
[BlackElo "2087"]
[PlyCount "79"]
[EventDate "2006.07.12"]
[EventType "swiss"]
[EventRounds "9"]
[EventCountry "RUS"]
[SourceTitle "EXT 2008"]
[Source "ChessBase"]
[SourceDate "2007.11.25"]
[SourceVersion "1"]
[SourceVersionDate "2007.11.25"]
[SourceQuality "1"]

1. Nf3 Nf6 2. b3 g6 3. Bb2 Bg7 4. c4 0-0 5. g3 b6 6. Bg2 Bb7 7. 0-0 d6 8. d4 Nbd7 9. Nbd2 Re8 10. d5 e5 11. dxe6 fxe6 12. Qc2 e5 13. Ng5 Bxg2 14. Kxg2 Qe7 15. Nge4 Nxe4 16. Nxe4 Nf6 17. Rad1 Nxe4 18. Qxe4 Bh6 19. h4 Qf7 20. Rd3 a5 21. Rf3 Qe6 22. h5 Rf8 23. hxg6 Qxg6 24. Qd5+ Kh8 25. Rh1 Rxf3 26. exf3 Rf8 27. Rh4 Bg7 28. a3 Bf6 29. Re4 Bg7 30. b4 axb4 31. axb4 Qf5 32. Re2 Rf6 33. f4 Rf8 34. fxe5 Qh5 35. f3 Rf5 36. exd6 Rxd5 37. dxc7 Rc5 38. bxc5 Bxb2 39. c8Q+ Kg7 40. Rxb2 1-0

[Event "Izmailov Memorial op 10th"]
[Site "Tomsk"]
[Date "2006.07.12"]
[Round "1"]
[White "Konev, Alexander"]
[Black "Jumabayev, Rinat"]
[Result "0-1"]
[WhiteElo "2087"]
[BlackElo "2401"]
[PlyCount "76"]
[EventDate "2006.07.12"]
[EventType "swiss"]
[EventRounds "9"]
[EventCountry "RUS"]
[SourceTitle "EXT 2008"]
[Source "ChessBase"]
[SourceDate "2007.11.25"]
[SourceVersion "1"]
[SourceVersionDate "2007.11.25"]
[SourceQuality "1"]

1. d4 Nf6 2. c4 e6 3. Nc3 Bb4 4. e3 b6 5. Bd3 Bb7 6. f3 c5 7. Nge2 cxd4 8. exd4 0-0 9. 0-0 Be7 10. d5 h6 11. Bc2 Re8 12. Bf4 Qc8 13. Qd3 Bc5+ 14. Kh1 e5 15. Bg3 g6 16. f4 e4 17. Qd2 Ba6 18. b3 Bf8 19. f5 g5 20. h4 e3 21. Qd3 d6 22. hxg5 hxg5 23. Nd4 Nbd7 24. Ne6 Ng4 25. Nxg5 Ndf6 26. Nce4 b5 27. Nxf6+ Nxf6 28. cxb5 Bxb5 29. Qxb5 Qxc2 30. Qb7 Be7 31. Bxd6 e2 32. Rfe1 Qxf5 33. Bxe7 Qxg5 34. Bxf6 Qxf6 35. Qb4 Qh6+ 36. Kg1 Qe3+ 37. Kh1 Re4 38. Rxe2 Qxe2 0-1

[Event "RUS-Cup01"]
[Site "Tomsk"]
[Date "2003.07.10"]
[Round "7"]
[White "Sidorenkov, Leonid"]
[Black "Konev, Alexander"]
[Result "1/2-1/2"]
[WhiteElo "2256"]
[BlackElo "2097"]
[PlyCount "82"]
[EventDate "2003.07.04"]
[EventType "swiss"]
[EventRounds "9"]
[EventCountry "RUS"]
[SourceTitle "CBM 095 Extra"]
[Source "ChessBase"]
[SourceDate "2003.09.04"]
[SourceVersion "1"]
[SourceVersionDate "2003.09.04"]
[SourceQuality "1"]

1. e4 e5 2. Nf3 Nc6 3. Bc4 Bc5 4. Nc3 d6 5. d3 h6 6. Be3 Bb6 7. Nd5 Nf6 8. Nxb6 axb6 9. 0-0 0-0 10. c3 d5 11. exd5 Nxd5 12. Bc1 Bg4 13. h3 Bh5 14. Re1 Qd6 15. Bb3 Rad8 16. Bc2 Qf6 17. Qe2 Bxf3 18. Qxf3 Qxf3 19. gxf3 Rd6 20. Bd2 Rf6 21. Kg2 Nf4+ 22. Bxf4 Rxf4 23. Re4 Rf6 24. Ba4 Re6 25. Rae1 Rfe8 26. Bb3 R6e7 27. Bd5 Kf8 28. Kf1 Nd8 29. a3 c6 30. Bb3 f5 31. R4e3 Nf7 32. Bxf7 Kxf7 33. d4 Kf6 34. Kg2 g5 35. Kf1 f4 36. Re4 Kf5 37. R1e2 Re6 38. dxe5 Rxe5 39. Rxe5+ Rxe5 40. Rxe5+ Kxe5 41. Ke2 b5 1/2-1/2

[Event "RUS-Cup03"]
[Site "Tomsk"]
[Date "2002.07.11"]
[Round "4"]
[White "Andreev, Afrikan"]
[Black "Konev, Alexander"]
[Result "1/2-1/2"]
[WhiteElo "2339"]
[BlackElo "2039"]
[PlyCount "85"]
[EventDate "2002.07.08"]
[EventType "swiss"]
[EventRounds "9"]
[EventCountry "RUS"]
[SourceTitle "CBM 089 Extra"]
[Source "ChessBase"]
[SourceDate "2002.09.10"]
[SourceVersion "2"]
[SourceVersionDate "2002.09.10"]
[SourceQuality "1"]

1. d4 d5 2. Nf3 Bf5 3. c4 e6 4. Qb3 Nc6 5. Bd2 Rb8 6. e3 a6 7. Be2 Nf6 8. 0-0 Be7 9. Rd1 0-0 10. Be1 Ne4 11. cxd5 exd5 12. Nc3 Nxc3 13. Bxc3 Bg4 14. Qc2 Qd7 15. Rac1 Bf5 16. Qb3 Bg4 17. h3 Bf5 18. Ne1 Kh8 19. Nd3 Bxd3 20. Bxd3 f5 21. Be2 Bd6 22. Bf3 Ne7 23. Bb4 Bxb4 24. Qxb4 c6 25. Rc5 Rbe8 26. a4 Ng8 27. Qd2 Nf6 28. b4 Ne4 29. Bxe4 fxe4 30. b5 axb5 31. axb5 Rf6 32. Ra1 Ref8 33. bxc6 bxc6 34. Rca5 Qf5 35. R1a2 h6 36. Qb4 Kh7 37. Qe7 R8f7 38. Qd8 Rf8 39. Qc7 R8f7 40. Qb8 Rf8 41. Qc7 R8f7 42. Qb8 Rf8 43. Qc7 1/2-1/2